Dynamics of the Cl− + CH3I reaction on a high-level ab initio analytical potential energy surface
We have developed a full-dimensional analytical ab initio potential energy surface (PES) for the Cl− + CH3I reaction using the Robosurfer program system. The energy points have been computed using a robust composite method defined as CCSD-F12b + BCCD(T) – BCCD with the aug-cc-pVTZ(-PP) basis set and...
Elmentve itt :
| Szerzők: | |
|---|---|
| Dokumentumtípus: | Cikk |
| Megjelent: |
2023
|
| Sorozat: | JOURNAL OF CHEMICAL PHYSICS
158 No. 19 |
| Tárgyszavak: | |
| doi: | 10.1063/5.0151259 |
| mtmt: | 34034585 |
| Online Access: | http://publicatio.bibl.u-szeged.hu/30084 |
| LEADER | 02037nab a2200241 i 4500 | ||
|---|---|---|---|
| 001 | publ30084 | ||
| 005 | 20240409101215.0 | ||
| 008 | 240409s2023 hu o 0|| eng d | ||
| 022 | |a 0021-9606 | ||
| 024 | 7 | |a 10.1063/5.0151259 |2 doi | |
| 024 | 7 | |a 34034585 |2 mtmt | |
| 040 | |a SZTE Publicatio Repozitórium |b hun | ||
| 041 | |a eng | ||
| 100 | 1 | |a Nacsa András Bence | |
| 245 | 1 | 0 | |a Dynamics of the Cl− + CH3I reaction on a high-level ab initio analytical potential energy surface |h [elektronikus dokumentum] / |c Nacsa András Bence |
| 260 | |c 2023 | ||
| 300 | |a 8 | ||
| 490 | 0 | |a JOURNAL OF CHEMICAL PHYSICS |v 158 No. 19 | |
| 520 | 3 | |a We have developed a full-dimensional analytical ab initio potential energy surface (PES) for the Cl− + CH3I reaction using the Robosurfer program system. The energy points have been computed using a robust composite method defined as CCSD-F12b + BCCD(T) – BCCD with the aug-cc-pVTZ(-PP) basis set and have been fitted by the permutationally invariant polynomial approach. Quasi-classical trajectory simulations on the new PES reveal that two product channels are open in the collision energy (Ecoll) range of 1–80 kcal/mol, i.e., SN2 leading to I− + CH3Cl and iodine abstraction (above ∼45 kcal/mol) resulting in ICl− + CH3. Scattering angle, initial attack angle, product translational energy, and product internal energy distributions show that the SN2 reaction is indirect at low Ecoll and becomes direct-rebound–back-side (CH3-side) attack-type, as Ecoll increases. Iodine abstraction mainly proceeds with direct stripping mechanism with side-on/back-side attack preference. Comparison with crossed-beam experiments and previous direct dynamics simulations shows quantitative or qualitative agreement and also highlights possible theoretical and/or experimental issues motivating further research. | |
| 650 | 4 | |a Kémiai tudományok | |
| 700 | 0 | 1 | |a Tajti Viktor |e aut |
| 700 | 0 | 1 | |a Czakó Gábor |e aut |
| 856 | 4 | 0 | |u http://publicatio.bibl.u-szeged.hu/30084/1/JCP_158_194306_2023.pdf |z Dokumentum-elérés |